Triangulum germanistisches Jahrbuch 2015 für Estland, Lettland und Litauen : Beiträge des 10. Nordisch-Baltischen Germanistiktreffens : Tallinn, 10.-13. juni 2015, [Estonia]

Salvato in:
Dettagli Bibliografici
Enti autori: Triangulum. Beiträge des 10. Nordisch-Baltischen Germanistiktreffens, Tallinn University
Altri autori: Tarvas, Mari, Marten, Heiko F., Johanning-Radžienė, Antje, Kramer, Sven, Ebbrecht-Hartmann, Tobias
Natura: Libro
Lingua:tedesco
Pubblicazione: Bonn Deutscher Akademischer Austauschdienst 2016
Edizione:1. Aus.
Soggetti:
Tags: Aggiungi Tag
Nessun Tag, puoi essere il primo ad aggiungerne!!

MARC

LEADER 00000nlm a2200000 4500
001 0234980
005 20220830103247.5
022 |a 1406-2755 
041 0 |a ger 
044 |a DE 
245 1 0 |a Triangulum  |b germanistisches Jahrbuch 2015 für Estland, Lettland und Litauen : Beiträge des 10. Nordisch-Baltischen Germanistiktreffens : Tallinn, 10.-13. juni 2015, [Estonia]  |c herausgegeben von Mari Tarvas, Heiko F. Marten und Antje Johanning-Radžienė 
250 |a 1. Aus. 
264 1 |a Bonn  |b Deutscher Akademischer Austauschdienst  |c 2016 
300 |a online [608 s.] 
610 2 0 |a jazykoveda 
610 2 0 |a jazyky cudzie 
610 2 0 |a nemčina 
610 2 0 |a lexikológia 
610 2 0 |a literatúra 
610 2 0 |a preklady 
610 2 0 |a prekladateľstvo 
700 1 |a Tarvas, Mari 
700 1 |a Marten, Heiko F. 
700 1 |a Johanning-Radžienė, Antje 
700 1 |a Kramer, Sven 
700 1 |a Ebbrecht-Hartmann, Tobias 
110 2 |a Triangulum. Beiträge des 10. Nordisch-Baltischen Germanistiktreffens 
710 2 |a Tallinn University